01009nam a2200217 a 450000100100000000500170001000800410002704000250006808200170009310000290011024501530013926000530029230000210034559000760036660000340044265000420047670000310051891000370054995201880058699900170077400003507320240301180539.0111024s1960 mx 000 0 spa d aDO-SdBNPbspacBNPHU a335.4bM741m1 aMondolfo, Rodolfo94696210aMarx y marxismo :bestudios histórico-críticos /cRodolfo Mondolfo; los capítulos 1, 2 y 4 han sido traducidos del italiano por M. H. Alberti. aMéxico :bFondo de Cultura Ecónomica,c1960. a246 p. ;c23 cm. aPerteneció a la biblioteca personal de Juan Isidro Jimenes Grullón.10aMarx, Karl,d1818-1883930439 4aComunismoxHistoriaySIGLO XIX96072712aAlberti, M. H.etr.960728 aValidado. Control de calidad MFF 001050718MOaGRbGRcHDd2011-10-24iLF1l0o335.4 M741mp35073-10r2020-06-25w2020-06-25y1zPerteneció a la biblioteca personal de Juan Isidro Jimenes -GrullónZNo se presta c34564d34564